000 00652nam a2200241Ia 4500
008 180523s9999 xx 000 0 und d
020 _a0-13-026248-X
050 _aMAIN HF 5416.5
050 _b.N34 2002
100 _aNagle, Thomas T.
245 4 _aThe Strategy and tactics of pricing :
245 2 _ba guide to profitable decision making /
245 0 _cThomas T. Nagle, Reed K. Holden.
250 _a3rd Edition
260 _aNew Jersey :
260 _bPrentice Hall,
260 _c2002
300 _a398 pages :
300 _c24 cm.
500 _aIncludes index.
650 _aPricing.
650 _xMarketing -- Decision making.
999 _c357093
_d357093